000 00454nam a2200145Ia 4500
008 100122s9999 xx 000 0 und d
082 _b16408
_a823.08
100 _aचितळे बाळ
245 _aवैमानिक गुढकथा
260 _bकेसरी प्रकाशन
_c1970
300 _a120
630 _aवैमानिक गुढकथा
730 _aवैमानिक गुढकथा
942 _cBOOK
999 _c406356
_d406353